| 000 | 00396nam a22001697a 4500 | ||
|---|---|---|---|
| 005 | 20260508150711.0 | ||
| 008 | 160620b xxu||||| |||| 00| 0 eng d | ||
| 020 | _a978-0-07-05894-4 | ||
| 041 | _aeng | ||
| 082 | _a659.1 | ||
| 100 |
_aBelch, George E and Michael A _92298 |
||
| 245 | _aAdvertising and Promotion | ||
| 260 |
_bTMH _c2007 |
||
| 300 | _a779 | ||
| 650 | _aManagement | ||
| 942 | _cBK | ||
| 999 |
_c3222 _d3221 |
||